Statistics for Countries Whose Biggest City Starts with D

Click here to take the quiz!

General Stats

  • This quiz has been taken 28 times
  • The average score is 8 of 11

Answer Stats

CityCountry% Correct
DublinIreland
100%
Djibouti CityDjibouti
96%
DubaiUnited Arab Emirates
96%
DohaQatar
93%
DhakaBangladesh
89%
Dar es SalaamTanzania
85%
DiliEast Timor
74%
DakarSenegal
74%
DushanbeTajikistan
63%
DoualaCameroon
44%
DoganaSan Marino
15%

Score Distribution

Percentile by Number Answered

Percent of People with Each Score

Your Score History

You have not taken this quiz